The tragedy of Hamlet prince of Denmark
Saved in:
| Hovedforfatter: | |
|---|---|
| Format: | Bog |
| Sprog: | engelsk |
| Udgivet: |
Nueva York
Lancer Books
1968
|
| Fag: | |
| Tags: |
Tilføj Tag
Ingen Tags, Vær først til at tagge denne postø!
|
MARC
| LEADER | 00000nam a2200000 a 4500 | ||
|---|---|---|---|
| 001 | UCP2851 | ||
| 003 | CL-VaPUC | ||
| 008 | 990604e19680000US |||||||||||||||||eng|d | ||
| 082 | 0 | 4 | |a 822 |b SHA |2 21 |
| 100 | |a Shakespeare, William |e author |9 265757 | ||
| 245 | 1 | 4 | |a The tragedy of Hamlet prince of Denmark |
| 300 | |a 281 p | ||
| 942 | |c BK | ||
| 945 | |d 19990604 00:00:00 |a rbrito | ||
| 260 | |a Nueva York |b Lancer Books |c 1968 | ||
| 650 | 0 | |a Dramas ingleses |9 269396 | |
| 583 | |a last modification |c 19990604 00:00:00 |k Rodrigo Vera | ||
| 999 | |c 281320 |d 281318 | ||
| 952 | |0 0 |1 0 |4 0 |6 822_000000000000000_SHA_1968 |7 0 |8 R |9 322027 |a BIBEDU |b BIBEDU |c MCIRC |d 2019-11-20 |i 3528480 |o 822 SHA 1968 |p 3528480 |r 2023-01-13 |w 2019-11-20 |y BK_R |k LIT | ||